| 000 | 01096nmm a2200337 a 4500 | ||
|---|---|---|---|
| 001 | ocm0002015687 | ||
| 003 | TR-IsHL | ||
| 005 | 20201028180342.0 | ||
| 008 | 181208s2013 tu tur | ||
| 007 | cr cn | ||
| 020 | _a9786055675677 | ||
| 035 |
_a2015687 _b(N$T) |
||
| 050 | 0 | 4 |
_aBP595 _b.S7419 2013 |
| 090 | 0 | 4 |
_aBP595 _b.S7419 2013 |
| 100 | 1 | _aSteiner, Rudolf | |
| 245 | 1 | 0 |
_aKozmik hafıza: Dünyanın ve insanın tarih öncesi _h[electronic resource] / _cRudolf Steiner ; çeviri Anita Tatlıer ; yayına hazırlayan Tahir Malkoç |
| 250 | _a1. Baskı | ||
| 260 |
_aİstanbul : _bMaya Kitap, _c2013 |
||
| 300 | _a244 p. | ||
| 500 |
_aOriginal Title : Cosmic memory _xKaynakça var. |
||
| 650 | 4 | _aTarih | |
| 650 | 4 | _aHistory | |
| 650 | 0 | _aUygarlık Tarihi | |
| 650 | 0 | _aCivilization history | |
| 650 | 0 | _aSosyal evrim | |
| 650 | 0 | _aSocial evolution | |
| 650 | 7 |
_aHISTORY / Civilization _2bisacsh |
|
| 700 | 1 | _aTatlıer, Anita | |
| 700 | 1 | _aMalkoç, Tahir | |
| 856 | 4 | 0 | _uhttp://search.ebscohost.com/login.aspx?direct=true&scope=site&db=e011xww&AN=2015687 |
| 999 |
_c19100 _d19100 |
||